00933cam a22003494i 4500003000900000005001700009008004100026020001500067035002000082040003300102082001700135100002700152245011400179264003800293300003900331336002100370337002500391338002300416505001800439526001000457526001000467526001000477526001000487526000800497526000800505526000800513526000800521526000800529526000800537526000800545630003000553PE-LiUPU20250731172926.0150623s1785 r 000 0 d a0801039312 a(Sirsi) a203944 aPE-LiUPUbspacPE-LiUPUerda04a226bS832221 aStrong, James,eautor.14aThe new strong's concordance of the bible :ba popular edition of the exhaustive concordance /cJames Strong. 1aNew York :bThomas Nelson,c1785. a749 páginas ;c24 centímetros. atext2rdacontent aunmediated2rdamedia avolume2rdacarrier0 aConcordancia. aSEG42 aSEG41 aSEG40 aSEG39 aP94 aP87 aP86 aP85 aP77 aP76 aP35 aConcordancia de la biblia